| 000 | 00521nam a22001697a 4500 | ||
|---|---|---|---|
| 999 |
_c9175 _d9175 |
||
| 008 | 210326b ||||| |||| 00| 0 eng d | ||
| 040 | _aBMS College of Architecture | ||
| 100 | _aFelix, Maria, Preeti | ||
| 245 | _aSchool of planning and Architecture : New Delhi | ||
| 300 | _aNA | ||
| 500 | _a1BM04AT022 | ||
| 502 |
_8B.Arch _NBMS College of Architecture, Visvesvaraya Technological University _aProject report _d2009 |
||
| 650 | _aSchool | ||
| 650 | _aNew Delhi | ||
| 700 |
_aMamatha P Raj _eGuide |
||
| 942 |
_2ddc _cTHE |
||